Les plus grandes agglomérations d'Italie - Statistiques

Statistiques générales
  • Ce quiz a été pris 263 fois
  • Le résultat moyen est 14 sur 20
Statistiques - réponses
Place Habitants Nom % Correct
1. 5 300 000 Agglomération de Milan
100%
3. 3 520 000 Agglomération de Naples
100%
2. 4 345 000 Agglomération de Rome
100%
4. 1 640 000 Agglomération de Turin
100%
10. 1 010 000 Agglomération de Florence
94%
11. 852 272 Agglomération de Venise
94%
5. 1 310 000 Agglomération de Palerme
93%
8. 1 050 000 Agglomération de Gênes
92%
6. 1 280 000 Agglomération de Bari
85%
9. 1 040 000 Agglomération de Bologne
85%
7. 1 115 000 Agglomération de Catane
78%
17. 471 000 Agglomération de Vérone
73%
18. 430 000 Agglomération de Cagliari
68%
12. 627 251 Agglomération de Messine
46%
14. 535 000 Agglomération de Padoue
43%
13. 542 000 Agglomération de Brescia
37%
16. 486 000 Agglomération de Lecce
35%
20. 345 000 Agglomération de Tarente
32%
15. 520 000 Agglomération de Salerne
29%
19. 385 000 Agglomération de Caserta
3%
Aucun quiz correspondant
Distribution des résultats
% des personnes avec chaque résultat
Percentile par nombre de réponses
Votre historique - résultats
Vous n’avez pas pris ce quiz